Pengucapan awam yang berkesan
| Main Author: | |
|---|---|
| Corporate Author: | |
| Format: | Book |
| Published: |
Kuala Lumpur:
Institut Tadbiran Awam Negara (INTAN),
2000.
|
| Series: | Siri Pengurusan INTAN
|
| Subjects: |
| LEADER | 00547cam a2200181 7i4500 | ||
|---|---|---|---|
| 001 | 0000026975 | ||
| 005 | 20110922090000.0 | ||
| 020 | 0 | 0 | |a 9679933644 |
| 090 | 0 | 0 | |a B 808.51 |b MAI |
| 100 | 1 | 0 | |a Maimunah Osman |
| 245 | 1 | 0 | |a Pengucapan awam yang berkesan |c Maimunah Osman. |
| 260 | 0 | 0 | |a Kuala Lumpur: |b Institut Tadbiran Awam Negara (INTAN), |c 2000. |
| 300 | # | # | |a 140p. |
| 440 | # | # | |a Siri Pengurusan INTAN |
| 650 | 0 | 0 | |a Public speaking |
| 651 | 0 | 0 | |a Malaysia |
| 710 | 2 | 0 | |a Institut Tadbiran Awam Negara |
| 999 | |a 0000028746 |b Book |c Book |e Business Information Centre | ||


